Antología general.
Guardat en:
| Autor principal: | |
|---|---|
| Format: | Llibre |
| Idioma: | espanyol |
| Publicat: |
Lima, Perú:
Santillana; Alfaguara,
2010.
|
| Edició: | Edición conmemorativa. |
| Matèries: | |
| Etiquetes: |
Afegir etiqueta
Sense etiquetes, Sigues el primer a etiquetar aquest registre!
|
MARC
| LEADER | 00000nam a2200000 a 4500 | ||
|---|---|---|---|
| 001 | UCG0867 | ||
| 003 | CL-VaPUC | ||
| 005 | 20250416120901.0 | ||
| 008 | 100415e20100000PE |||||||||||||||||spa|d | ||
| 999 | |c 340385 |d 340383 | ||
| 020 | |a 978-84-204-0496-7 | ||
| 020 | |a 978-84-204-0606-0 | ||
| 040 | |c Pontificia Universidad Católica de Valparaíso | ||
| 082 | 0 | 4 | |a Ch861 NER 2010 |2 21 |
| 100 | |a Neruda, Pablo |e autor |9 306531 | ||
| 245 | 1 | 0 | |a Antología general. |
| 250 | |a Edición conmemorativa. | ||
| 260 | |a Lima, Perú: |b Santillana; |b Alfaguara, |c 2010. | ||
| 300 | |a 714 páginas. | ||
| 500 | |a c.20 Donación Sr. Claudio Elórtegui R. (julio -2022) | ||
| 583 | |a last modification |c 20130326 06:57:06 |k Rodrigo Vera | ||
| 650 | 0 | |a Poesías chilenas |9 265280 | |
| 942 | |c BK |2 ddc | ||
| 945 | |d 20100415 00:00:00 |a rbrito | ||
| 952 | |0 0 |1 0 |4 0 |6 CH_861_000000000000000_NER_2010 |7 0 |8 F |9 435080 |a BIBAGR |b BIBAGR |d 2019-11-22 |i 4661230 |o Ch861 NER 2010 |p 4661230 |r 2025-01-20 |w 2019-11-22 |y BK_F |k AGR | ||
| 952 | |0 0 |1 0 |4 0 |6 CH_861_000000000000000_NER_2010 |7 0 |8 P |9 435081 |a BIBARQ |b BIBARQ |d 2019-11-22 |i 4661249 |l 1 |m 1 |o Ch861 NER 2010 |p 4661249 |r 2025-01-20 |s 2023-09-14 |w 2019-11-22 |y BK |k ARQ | ||
| 952 | |0 0 |1 0 |4 0 |6 CH_861_000000000000000_NER_2010 |7 0 |8 A |9 435082 |a BIBART |b BIBART |d 2019-11-22 |i 4661257 |l 1 |o Ch861 NER 2010 |p 4661257 |r 2025-03-13 |s 2022-04-12 |w 2019-11-22 |y BK |k ART | ||
| 952 | |0 0 |1 0 |4 0 |6 CH_861_000000000000000_NER_2010 |7 0 |8 A |9 435083 |a BIBDER |b BIBDER |d 2019-11-22 |i 4661265 |o Ch861 NER 2010 |p 4661265 |r 2023-01-25 |w 2019-11-22 |y BK |k DER | ||
| 952 | |0 0 |1 0 |4 0 |6 CH_861_000000000000000_NER_2010 |7 0 |8 A |9 435084 |a BIBTEO |b BIBTEO |d 2019-11-22 |i 4661273 |o Ch861 NER 2010 |p 4661273 |r 2025-01-17 |w 2019-11-22 |y BK |k ICR | ||
| 952 | |0 0 |1 0 |4 0 |6 CH_861_000000000000000_NER_2010 |7 0 |8 A |9 435086 |a BIBMEC |b BIBMEC |d 2019-11-22 |i 466129K |o Ch861 NER 2010 |p 466129K |r 2019-11-22 |w 2019-11-22 |y BK |k MEC | ||
| 952 | |0 0 |1 0 |2 ddc |4 0 |6 CH_861_000000000000000_NER_2010 |7 0 |8 R |9 435087 |a BIBEDU |b BIBEDU |c RES |d 2019-11-22 |i 4661303 |o Ch861 NER 2010 |p 4661303 |r 2023-01-12 |w 2019-11-22 |y BK_R |k MUS | ||
| 952 | |0 0 |1 0 |4 0 |6 CH_861_000000000000000_NER_2010 |7 0 |8 A |9 435088 |a BIBHIS |b BIBHIS |d 2019-11-22 |i 4661311 |o Ch861 NER 2010 |p 4661311 |r 2025-01-20 |w 2019-11-22 |y BK |k HIS | ||
| 952 | |0 0 |1 0 |2 ddc |4 0 |6 CH_861_000000000000000_NER_2010 |7 0 |8 R |9 435089 |a BIBEDU |b BIBEDU |c RES |d 2019-11-22 |i 4661338 |o Ch861 NER 2010 |p 4661338 |r 2023-08-09 |w 2019-11-22 |y BK_R |k EDU | ||
| 952 | |0 0 |1 0 |4 0 |6 CH_861_000000000000000_NER_2010 |7 0 |8 A |9 435090 |a BIBEDU |b BIBEDU |c ES_NOD |d 2019-11-22 |i 4661346 |o Ch861 NER 2010 |p 4661346 |r 2023-08-09 |w 2019-11-22 |y BK |k LIT | ||
| 952 | |0 0 |1 0 |4 0 |6 CH_861_000000000000000_NER_2010 |7 0 |8 A |9 435092 |a BIBING |b BIBING |d 2019-11-22 |i 4661362 |o Ch861 NER 2010 |p 4661362 |r 2025-01-20 |w 2019-11-22 |y BK |k ING | ||
| 952 | |0 0 |1 0 |4 0 |6 CH_861_000000000000000_NER_2010 |7 0 |8 A |9 435093 |a FDOPOS |b FDOPOS |d 2019-11-22 |i 4661370 |o Ch861 NER 2010 |p 4661370 |r 2025-01-22 |w 2019-11-22 |y BK |k DLH | ||
| 952 | |0 0 |1 0 |4 0 |6 CH_861_000000000000000_NER_2010 |7 0 |8 A |9 435094 |a FDOPOS |b FDOPOS |d 2019-11-22 |i 4661389 |o Ch861 NER 2010 |p 4661389 |r 2025-01-22 |w 2019-11-22 |y BK |k DLH | ||
| 952 | |0 0 |1 0 |2 ddc |4 0 |6 CH_861_000000000000000_NER_2010 |7 0 |8 A |9 435095 |a BIBEDU |b BIBEDU |c ES_NOD |d 2019-11-22 |i 4661397 |o Ch861 NER 2010 |p 4661397 |r 2023-08-09 |w 2019-11-22 |y BK |k LIT | ||
| 952 | |0 0 |1 0 |4 0 |6 CH_861_000000000000000_NER_2010 |7 0 |8 A |9 435096 |a BIBEDU |b BIBEDU |c ES_NOD |d 2019-11-22 |i 4661400 |o Ch861 NER 2010 |p 4661400 |r 2023-08-09 |w 2019-11-22 |y BK |k LIT | ||
| 952 | |0 0 |1 0 |4 0 |6 CH_861_000000000000000_NER_2010 |7 0 |8 A |9 435097 |a BIBEDU |b BIBEDU |c ES_NOD |d 2019-11-22 |i 4661419 |o Ch861 NER 2010 |p 4661419 |r 2023-08-09 |w 2019-11-22 |y BK |k LIT | ||
| 952 | |0 0 |1 0 |4 0 |6 CH_861_000000000000000_NER_2010 |7 0 |8 X |9 435098 |a FDOBUD |b FDOBUD |d 2019-11-22 |i 4672402 |o Ch861 NER 2010 |p 4672402 |r 2019-11-22 |w 2019-11-22 |y BK_X |k BUD | ||
| 952 | |0 0 |1 0 |2 ddc |4 0 |6 CH_861_000000000000000_NER_2010 |7 0 |8 A |9 587604 |a BIBHIS |b BIBHIS |c GEN |d 2022-11-08 |e Donación |i 5655480 |o Ch861 NER 2010 |p 5655480 |r 2025-01-20 |t 20 |w 2022-11-08 |y BK |k HIS | ||